[Event "Let's Play Chess!"]
[Site "http://www.queenalice.com/game.php?id=432937"]
[Date "2008.7.14"]
[Round "-"]
[White "spawnwolfwolverine"]
[Black "yndy"]
[Result "1-0"]
[WhiteElo "1510"]
[BlackElo "1526"]

1. c4 c5 2. d3 Nc6 3. e4 Nf6 4. Nf3 Qa5+ 5. Bd2 Qb6 6. b3 e5 7. Be2 d6 8. O-O
Bg4 9. Nc3 O-O-O 10. Nd5 Nxd5 11. cxd5 Nb4 12. Bxb4 Qxb4 13. h3 Bxf3 14. Bxf3 g6
15. Rc1 Qa3 16. Rc2 b6 17. Bg4+ f5 18. exf5 h5 19. fxg6+ hxg4 20. Qxg4+ Kc7 21.
g7 Rg8 22. gxf8=Q Rdxf8 23. Qe4 Kb7 24. f3 Kb8 25. h4 Rf4 26. Qh7 Qb4 27. Qxg8+
Kb7 28. g4 Qd4+ 29. Kg2 Qxd3 30. Rcf2 c4 31. bxc4 Qxc4 32. h5 e4 33. h6 exf3+
34. Rxf3 Qe4 35. h7 Rxg4+ 36. Qxg4 Qxg4+ 37. Rg3 Qh5 38. Rh1 Qxd5+ 39. Kh3 Qxh1+
40. Kg4 Qxh7 41. a4 Qe4+ 42. Kh3 Qxa4 43. Rg7+ Ka6 44. Rg4 Qb3+ 45. Kh4 Qd1 46.
Kh5 Ka5 47. Kh4 Qh1+ 48. Kg5 Qf1 49. Kg6 d5 50. Rg5 Qd3+ 51. Kh6 1-0

[Event "Let's Play Chess!"]
[Site "http://www.queenalice.com/game.php?id=473282"]
[Date "2008.10.5"]
[Round "-"]
[White "yndy"]
[Black "Chazam"]
[Result "1-0"]
[WhiteElo "1516"]
[BlackElo "1560"]

1. e4 e5 2. Nf3 Nc6 3. Bc4 h6 4. O-O Nf6 5. d4 exd4 6. Nxd4 Nxd4 7. Qxd4 d6 8.
h3 Be6 9. Bb5+ c6 10. Bd3 c5 11. Qa4+ Bd7 12. Bb5 a6 13. Bxd7+ Nxd7 14. Re1 Be7
15. e5 dxe5 16. Rxe5 b5 17. Qe4 Nxe5 18. Qxe5 O-O 19. Be3 Qd1+ 20. Kh2 Bd6 21.
f4 Bxe5 22. fxe5 Rad8 23. Bxc5 Rfe8 24. Bb6 Rd5 25. Bc7 Qe1 26. Nc3 Qxa1 27.
Nxd5 Re6 28. Nc3 Qxb2 29. Nxb5 axb5 30. a3 1-0

[Event "Challenge"]
[Site "http://www.queenalice.com/game.php?id=473288"]
[Date "2008.10.5"]
[Round "-"]
[White "filomenos"]
[Black "yndy"]
[Result "1-0"]
[WhiteElo "1751"]
[BlackElo "1523"]

1. d4 d5 2. Nc3 e6 3. Nf3 Nc6 4. a3 Qf6 5. g3 e5 6. dxe5 Nxe5 7. Nxe5 Qxe5 8.
Bf4 Qf5 9. Nxd5 Qd7 10. Bg2 Bd6 11. Bxd6 Qxd6 12. O-O Be6 13. Ne3 Qxd1 14. Rfxd1
Nf6 15. b4 O-O 16. Bxb7 Rab8 17. Bg2 g6 18. c4 Nd7 19. c5 Rb5 20. Bc6 Bb3 21.
Rxd7 1-0

[Event "978"]
[Site "http://www.queenalice.com/game.php?id=493246"]
[Date "2008.11.14"]
[Round "-"]
[White "yndy"]
[Black "phystutordotcom"]
[Result "0-1"]
[WhiteElo "1534"]
[BlackElo "1907"]

1. e4 g6 2. Nf3 Bg7 3. Nc3 d6 4. Bd3 e5 5. O-O f5 6. exf5 gxf5 7. Qe2 Nc6 8. Bb5
Bd7 9. Bxc6 Bxc6 10. d4 e4 11. Nd2 Bxd4 12. Ncxe4 fxe4 13. Nxe4 Ne7 14. c3 Bg7
15. Bg5 O-O 16. Qh5 Bxe4 17. Rae1 Bg6 18. Qe2 Re8 19. Qc4+ Kf8 20. Re3 d5 21.
Qf4+ Kg8 22. Qg4 Qd6 23. Rd1 Nf5 24. Rxe8+ Rxe8 25. c4 Qe5 26. g3 Qe4 27. Qxe4
dxe4 28. Re1 Nd4 0-1

[Event "Let's Play Chess!"]
[Site "http://www.queenalice.com/game.php?id=511722"]
[Date "2008.12.23"]
[Round "-"]
[White "yndy"]
[Black "Attia"]
[Result "0-1"]
[WhiteElo "1551"]
[BlackElo "1682"]

1. e4 e5 2. Nf3 Nc6 3. Bc4 h6 4. d3 Nf6 5. d4 Bd6 6. dxe5 Nxe5 7. Nxe5 Bxe5 8.
Qf3 O-O 9. O-O d6 10. h3 a6 11. Be3 Bxb2 12. Nd2 Bxa1 13. Rxa1 Re8 14. a4 Bd7
15. Ra3 Bc6 16. Bd3 Re7 17. Bd4 Re6 18. Qf4 b5 19. Rc3 d5 20. e5 Nh5 21. Qe3
bxa4 22. Bc5 Bb5 23. Ra3 Qg5 24. Qxg5 hxg5 25. Nf3 Nf4 26. Bf5 Rh6 27. Nxg5 Ne2+
28. Kh2 Rh5 29. Be3 d4 30. Bd2 c5 31. Be4 Re8 32. Bd5 Rf8 33. Rf3 Nc3 34. Bxf7+
Rxf7 35. Nxf7 a3 36. Bxc3 dxc3 0-1

[Event "Let's Play Chess!"]
[Site "http://www.queenalice.com/game.php?id=512181"]
[Date "2008.12.24"]
[Round "-"]
[White "kingwasher"]
[Black "yndy"]
[Result "0-1"]
[WhiteElo "1233"]
[BlackElo "1532"]

1. e4 e5 2. Nf3 Nc6 3. Bb5 a6 4. Ba4 b5 5. Bb3 Bc5 6. c3 Nh6 7. d4 exd4 8. cxd4
Bb4+ 9. Nc3 d5 10. exd5 Qe7+ 11. Be3 Nf5 0-1

[Event "Let's Play Chess!"]
[Site "http://www.queenalice.com/game.php?id=512189"]
[Date "2008.12.24"]
[Round "-"]
[White "jmc_5254"]
[Black "yndy"]
[Result "0-1"]
[WhiteElo "1506"]
[BlackElo "1536"]

1. e4 e5 2. Nf3 Nc6 3. Bb5 a6 4. Ba4 b5 5. Bb3 Nh6 6. c3 Bc5 7. O-O O-O 8. d4
exd4 9. cxd4 Bb4 10. d5 Na5 11. Bg5 Qe8 12. Bc2 Ng4 0-1

[Event "Let's Play Chess!"]
[Site "http://www.queenalice.com/game.php?id=544788"]
[Date "2009.2.22"]
[Round "-"]
[White "yndy"]
[Black "Andrei_78"]
[Result "0-1"]
[WhiteElo "1540"]
[BlackElo "1648"]

1. e4 e5 2. Nf3 d6 3. Bc4 Nf6 4. O-O Nxe4 5. Qe2 Nc5 6. Nxe5 Be7 7. d4 O-O 8.
dxc5 dxe5 9. Rd1 Nc6 10. Rxd8 Rxd8 11. h3 Bxc5 12. Kh2 Bd6 13. Be3 e4+ 0-1

[Event "Let's Play Chess!"]
[Site "http://www.queenalice.com/game.php?id=544789"]
[Date "2009.2.22"]
[Round "-"]
[White "khran"]
[Black "yndy"]
[Result "1-0"]
[WhiteElo "1549"]
[BlackElo "1528"]

1. e4 e5 2. Nf3 Nc6 3. Bb5 a6 4. Ba4 b5 5. Bb3 Nh6 6. c3 Bc5 7. Nxe5 Nxe5 8. d4
Bd6 9. dxe5 Bxe5 10. Qh5 Qf6 11. Bxh6 g6 12. Qg5 1-0

[Event "Challenge"]
[Site "http://www.queenalice.com/game.php?id=558980"]
[Date "2009.3.20"]
[Round "-"]
[White "yndy"]
[Black "Andrei_78"]
[Result "0-1"]
[WhiteElo "1530"]
[BlackElo "1622"]

1. e4 e5 2. Nf3 d6 3. d4 exd4 4. Qxd4 Nc6 5. Qd5 Be6 6. Qg5 f6 7. Qh5+ g6 8. Qb5
Qb8 9. Be3 a6 10. Qd3 Nb4 11. Qc3 d5 12. Nbd2 Bh6 13. Bxh6 Nc6 14. exd5 Bxd5 15.
Bg7 Nce7 16. Qd4 Bxf3 17. Bxh8 Bd5 18. Qa4+ b5 19. Qb4 Qb7 20. b3 Bxg2 21. Bxg2
Qxg2 22. O-O-O O-O-O 23. Bxf6 Nxf6 24. Qxe7 Qc6 25. Qxh7 Nxh7 26. f4 g5 27. fxg5
Nxg5 28. Rhf1 Ne4 29. Nb1 Nc3 30. Rxd8+ Kxd8 31. Nxc3 Qxc3 32. Rd1+ Kc8 33. Rd3
Qa1+ 34. Kd2 Qxa2 35. Rf3 Qa5+ 36. Rc3 Qb4 37. Kd3 Qh4 38. Rc6 Kb7 39. Rg6 Qxh2
40. b4 Qh3+ 41. Kd2 Qd7+ 42. Kc1 Qd4 43. Rg3 Qf4+ 44. Kb2 Qxg3 45. Kc1 Qe1+ 46.
Kb2 Qxb4+ 47. Ka2 a5 48. Ka1 a4 49. c3 Qb3 50. c4 a3 51. cxb5 Qb2# 0-1

[Event "Challenge"]
[Site "http://www.queenalice.com/game.php?id=574287"]
[Date "2009.4.19"]
[Round "-"]
[White "yndy"]
[Black "Tlaloc2k"]
[Result "1-0"]
[WhiteElo "1520"]
[BlackElo "1602"]

1. e4 e5 2. Nf3 Bc5 3. d4 exd4 4. Nxd4 Qf6 5. Be3 d6 6. a3 Qg6 7. b4 Bxd4 8.
Qxd4 Nc6 9. Qd3 Nf6 10. Nd2 Be6 11. f3 O-O 12. O-O-O Nd7 13. Bd4 Nde5 14. Bxe5
Nxe5 15. Qb5 Qf6 16. h3 b6 17. Be2 a6 18. Qa4 b5 19. Qa5 Nc4 20. Bxc4 Qa1+ 21.
Nb1 Bxc4 22. Kd2 Qd4+ 23. Kc1 Qb6 24. Qxb6 cxb6 25. Rxd6 Rac8 26. Rhd1 Bb3 27.
R1d2 Bc4 28. Nc3 a5 29. Rxb6 axb4 30. axb4 Be6 31. Nxb5 Bc4 32. Nd6 Ra8 33. Nxc4
Ra1+ 34. Kb2 Rfa8 35. Rbd6 h6 36. Rd8+ Kh7 37. Rxa8 Rxa8 38. Kb3 Ra1 39. Kc3 Rg1
40. e5 g5 41. Ne3 Re1 42. Nc4 Kg6 43. b5 Rb1 44. b6 1-0

[Event "Challenge"]
[Site "http://www.queenalice.com/game.php?id=593634"]
[Date "2009.5.25"]
[Round "-"]
[White "yndy"]
[Black "LEPARY"]
[Result "0-1"]
[WhiteElo "1520"]
[BlackElo "1510"]

1. e4 e5 2. Nf3 Nc6 3. Nc3 Bc5 4. g3 Nf6 5. Bc4 h6 6. O-O d6 7. Re1 Rb8 8. Nd5
Be6 9. Nxf6+ Qxf6 10. Bxe6 Qxe6 11. Qe2 O-O 12. b3 a6 13. Bb2 b5 0-1

[Event "Challenge"]
[Site "http://www.queenalice.com/game.php?id=618181"]
[Date "2009.7.13"]
[Round "-"]
[White "yndy"]
[Black "Tlaloc2k"]
[Result "0-1"]
[WhiteElo "1526"]
[BlackElo "1655"]

1. e4 c5 2. c4 Nc6 3. Ne2 e5 4. Nbc3 a6 5. Ng3 d6 6. Nf5 g6 7. Ne3 Be6 8. Ned5
Bxd5 9. Nxd5 Nf6 10. Nxf6+ Qxf6 11. Qg4 Nd4 12. Bd3 h5 13. Qg3 b5 14. cxb5 Nxb5
15. a3 Nd4 16. O-O Bg7 17. f3 O-O 18. Rb1 Qd8 19. b4 cxb4 20. Rxb4 Qe7 21. Bc4
Rfc8 22. Qf2 Nc2 23. Rb2 Nxa3 24. d3 Kh7 25. Qb6 Nxc4 26. Qb3 Nxb2 27. Qxb2 Qa7+
28. Kh1 Rab8 29. Qa3 Bf8 30. Qa1 Rb3 31. h3 Rxd3 32. Bb2 Bh6 33. Rd1 Rxd1+ 34.
Qxd1 Qc5 35. Kh2 Bf4+ 36. g3 Qf2+ 0-1